000 00699nas a2200229 4500
001 BR8701377
003 BR-BrBNA
005 20231205090608.0
007 ta
008 230509b bl.|||p| |||| 00| 00por d
040 _aBR-BrBNA
_bpor
_cBiblioteca Nacional de Agricultura
041 _a(Pt)
072 _aP01
100 1 _aMilano, M.S.
245 1 _aParques e reservas: uma analise da politica brasileira de unidades de conservacao [Brasil]
650 _aPARQUE NACIONAL
650 _aPARQUE ESTADUAL
650 _aRESERVA BIOLOGICA
773 0 _tFloresta (Brazil)
_xISSN 0015-3826
_g(1985), v. 15(1-2) p. 4-9
_wBR8701377
909 _a202311
_bLúcia
_c55
_dLúcia Elande
942 _2AGRIS
_n0
_cANA
999 _c119619
_d119619